<?xml version="1.0" encoding="UTF-8"?>
<record
    xmlns:xsi="http://www.w3.org/2001/XMLSchema-instance"
    xsi:schemaLocation="http://www.loc.gov/MARC21/slim http://www.loc.gov/standards/marcxml/schema/MARC21slim.xsd"
    xmlns="http://www.loc.gov/MARC21/slim">

  <leader>01366nam a2200301   4500</leader>
  <controlfield tag="001">388</controlfield>
  <controlfield tag="003">OSt</controlfield>
  <controlfield tag="005">20250408135839.0</controlfield>
  <controlfield tag="008">250408b        |||||||b |||| 00| 1 eng d</controlfield>
  <datafield tag="020" ind1=" " ind2=" ">
    <subfield code="a">9788526231856</subfield>
  </datafield>
  <datafield tag="040" ind1=" " ind2=" ">
    <subfield code="b">por</subfield>
  </datafield>
  <datafield tag="041" ind1=" " ind2=" ">
    <subfield code="h">spa</subfield>
  </datafield>
  <datafield tag="082" ind1=" " ind2=" ">
    <subfield code="a">I 028.5</subfield>
    <subfield code="b">C737s</subfield>
  </datafield>
  <datafield tag="100" ind1="1" ind2=" ">
    <subfield code="a">Company Gonz&#xE1;lez, Merc&#xE9;</subfield>
    <subfield code="d">1947-</subfield>
    <subfield code="9">811</subfield>
  </datafield>
  <datafield tag="245" ind1=" " ind2=" ">
    <subfield code="a">As sobrinhas da Bruxa Onilda:</subfield>
    <subfield code="b">E Branca de Neve e os Sete An&#xF5;es / </subfield>
    <subfield code="c">Company Gonz&#xE1;lez, Merc&#xE9; ; Tradu&#xE7;&#xE3;o de  Rita E. Garcia Gon&#xE7;alves</subfield>
  </datafield>
  <datafield tag="260" ind1=" " ind2=" ">
    <subfield code="a">S&#xE3;o Paulo</subfield>
    <subfield code="b">Scipione</subfield>
    <subfield code="c">1997</subfield>
  </datafield>
  <datafield tag="300" ind1=" " ind2=" ">
    <subfield code="a">32 p.</subfield>
    <subfield code="b">il.</subfield>
  </datafield>
  <datafield tag="490" ind1="1" ind2=" ">
    <subfield code="a">As sobrinhas da Bruxa Onilda</subfield>
  </datafield>
  <datafield tag="520" ind1=" " ind2=" ">
    <subfield code="a">As sobrinhas da Bruxa Onilda s&#xE3;o trig&#xEA;meas muito sapecas, que adoram entrar nas hist&#xF3;rias infantis para viver incr&#xED;veis aventuras com suas personagens. Sua famosa tia, a Bruxa Onilda, est&#xE1; sempre por perto. As trig&#xEA;meas entram no t&#xFA;nel do tempo e continuam a hist&#xF3;ria de Branca de Neve a partir daquele fim que j&#xE1; conhecemos. Sendo assim, ela aparece nessa hist&#xF3;ria transformada em rainha e m&#xE3;e de tr&#xEA;s pr&#xED;ncipes g&#xEA;meos.

</subfield>
  </datafield>
  <datafield tag="650" ind1=" " ind2="0">
    <subfield code="a">Literatura Brasileira</subfield>
    <subfield code="9">205</subfield>
  </datafield>
  <datafield tag="650" ind1=" " ind2="0">
    <subfield code="a">Infantil</subfield>
    <subfield code="9">535</subfield>
  </datafield>
  <datafield tag="650" ind1=" " ind2="0">
    <subfield code="a">Bruxa Onilda</subfield>
    <subfield code="9">813</subfield>
  </datafield>
  <datafield tag="650" ind1=" " ind2="0">
    <subfield code="a">Diversidade e Fantasia</subfield>
    <subfield code="9">814</subfield>
  </datafield>
  <datafield tag="655" ind1=" " ind2="0">
    <subfield code="a">Livro Infantil</subfield>
    <subfield code="9">568</subfield>
  </datafield>
  <datafield tag="700" ind1=" " ind2=" ">
    <subfield code="a"> Rita E. Garcia Gon&#xE7;alves</subfield>
    <subfield code="e">TRADUTOR</subfield>
    <subfield code="9">815</subfield>
  </datafield>
  <datafield tag="830" ind1=" " ind2=" ">
    <subfield code="a">As sobrinhas da Bruxa Onilda</subfield>
    <subfield code="9">812</subfield>
  </datafield>
  <datafield tag="942" ind1=" " ind2=" ">
    <subfield code="2">ddc</subfield>
    <subfield code="n">0</subfield>
    <subfield code="c">BK</subfield>
  </datafield>
  <datafield tag="952" ind1=" " ind2=" ">
    <subfield code="0">0</subfield>
    <subfield code="1">0</subfield>
    <subfield code="2">ddc</subfield>
    <subfield code="4">0</subfield>
    <subfield code="7">0</subfield>
    <subfield code="8">LI</subfield>
    <subfield code="a">BIBIB</subfield>
    <subfield code="b">BIBIB</subfield>
    <subfield code="c">INF</subfield>
    <subfield code="d">2025-04-08</subfield>
    <subfield code="e">doa&#xE7;&#xE3;o</subfield>
    <subfield code="l">0</subfield>
    <subfield code="o">I 028.5 / C737s</subfield>
    <subfield code="p">2025-17324</subfield>
    <subfield code="r">2025-04-08 13:15:35</subfield>
    <subfield code="w">2025-04-08</subfield>
    <subfield code="y">BK</subfield>
  </datafield>
  <datafield tag="999" ind1=" " ind2=" ">
    <subfield code="c">388</subfield>
    <subfield code="d">388</subfield>
  </datafield>
</record>
